Believe in yourself (Record no. 12233)

000 -LEADER
fixed length control field 00447nam a22001697a 4500
008 - FIXED-LENGTH DATA ELEMENTS--GENERAL INFORMATION
fixed length control field 220823b ||||| |||| 00| 0 eng d
020 ## - INTERNATIONAL STANDARD BOOK NUMBER
International Standard Book Number 9788183225090
082 ## - DEWEY DECIMAL CLASSIFICATION NUMBER
Classification number 791.45
Item number MUR
100 ## - MAIN ENTRY--PERSONAL NAME
Personal name Murphy, Joseph, Dr.
245 ## - TITLE STATEMENT
Title Believe in yourself
260 ## - PUBLICATION, DISTRIBUTION, ETC. (IMPRINT)
Place of publication, distribution, etc Uttar Pradesh
Name of publisher, distributor, etc Manjul Publishing House
Date of publication, distribution, etc 2021
300 ## - PHYSICAL DESCRIPTION
Extent 73p.
650 ## - SUBJECT ADDED ENTRY--TOPICAL TERM
Topical term or geographic name as entry element Classroom management
650 ## - SUBJECT ADDED ENTRY--TOPICAL TERM
Topical term or geographic name as entry element Self-confidence
650 ## - SUBJECT ADDED ENTRY--TOPICAL TERM
Topical term or geographic name as entry element Behavior modification
942 ## - ADDED ENTRY ELEMENTS (KOHA)
Item type Books
Holdings
Withdrawn status Lost status Source of classification or shelving scheme Damaged status Not for loan Collection code Permanent location Current location Shelving location Date acquired Total Checkouts Total Renewals Full call number Barcode Date last seen Date last borrowed Koha item type Public note
          Fiction IMU-MPC Library IMU-MPC Library Fiction 2022-08-23 2 1 791.45 MUR MPC6587 2023-05-22 2023-03-15 Books Column-66
Copyright © 2021 Indian Maritime University, Mumbai Port Campus. All Rights Reserved. Managed & Maintained by Central Library, IMU-Mumbai

webs counters

Powered by Koha